| 000 | 00348nam a2200145Ia 4500 | ||
|---|---|---|---|
| 008 | 230312s9999||||xx |||||||||||||| ||und|| | ||
| 020 | _a0-672-32179-3 | ||
| 082 |
_a005.7137 _bMOR-M |
||
| 100 | _aEvjen;Bill | ||
| 245 | 0 | _aXML Web Services for ASP.NET | |
| 260 |
_bSams _aUSA _c2002 |
||
| 300 | _a594 | ||
| 650 |
_aComputer _vComputer |
||
| 942 | _cBK | ||
| 999 |
_c15547 _d15547 |
||